[Event "Titled Tuesday intern op 20th Jun Late"]
[Site "Chess.com INT"]
[Date "2023.06.20"]
[Round "5"]
[White "Maiti, Milind"]
[Black "Slavin, Alexei"]
[Result "1-0"]
[WhiteElo "2250"]
[BlackElo "2364"]
[PlyCount "121"]
[EventDate "2023.06.20"]
[EventType "swiss (blitz)"]
[EventRounds "11"]
[EventCountry "USA"]
[SourceTitle "EXT 2024"]
[Source "ChessBase"]
[SourceDate "2023.10.10"]
[SourceVersion "1"]
[SourceVersionDate "2023.10.10"]
[SourceQuality "1"]

1. d4 Nc6 2. e4 d6 3. Nf3 Nf6 4. Nc3 Bg4 5. Be2 e5 6. d5 Ne7 7. 0-0 Ng6 8. h3 Bd7 9. Re1 Be7 10. Bf1 0-0 11. Be3 a6 12. a4 h6 13. Qd2 Nh7 14. Ne2 f5 15. exf5 Bxf5 16. Ng3 Bxh3 17. Bd3 Nf4 18. Bxh7+ Kxh7 19. gxh3 Nxh3+ 20. Kg2 Nf4+ 21. Bxf4 Rxf4 22. Qd3+ Kg8 23. Re4 Rf7 24. Rg4 Qd7 25. Qg6 Raf8 26. Nh5 Bg5 27. Rg3 e4 28. Qxe4 Re7 29. Qg4 Rf5 30. Nxg5 hxg5 31. Rh1 Ref7 32. Rf1 Qe7 33. Re3 Qf8 34. Qe2 Re5 35. Rxe5 dxe5 36. Qxe5 Re7 37. Qxg5 Qf7 38. Ng3 Rd7 39. Qf5 Qe7 40. Qe6+ Qxe6 41. dxe6 Re7 42. Re1 Kf8 43. Nf5 Re8 44. e7+ Kf7 45. Kf3 Kf6 46. Kf4 g6 47. Nd4 Rxe7 48. Rxe7 Kxe7 49. Kg5 c5 50. Nf3 Ke6 51. Kxg6 Kd5 52. Ng5 c4 53. f4 b5 54. axb5 axb5 55. f5 Kd4 56. f6 Ke3 57. f7 Kd2 58. f8Q Kxc2 59. Qb4 Kd3 60. Qxb5 Kd4 61. Qb4 1-0

[Event "Titled Tuesday intern op 20th Jun Late"]
[Site "Chess.com INT"]
[Date "2023.06.20"]
[Round "7"]
[White "Turayev, Shahruh"]
[Black "Maiti, Milind"]
[Result "1-0"]
[WhiteElo "2193"]
[BlackElo "2250"]
[PlyCount "39"]
[EventDate "2023.06.20"]
[EventType "swiss (blitz)"]
[EventRounds "11"]
[EventCountry "USA"]
[SourceTitle "EXT 2024"]
[Source "ChessBase"]
[SourceDate "2023.10.10"]
[SourceVersion "1"]
[SourceVersionDate "2023.10.10"]
[SourceQuality "1"]

1. e4 c5 2. Nc3 e6 3. g3 d5 4. exd5 exd5 5. d4 Nc6 6. Nge2 Bg4 7. dxc5 Bf3 8. Rg1 Bxc5 9. Bg2 Bxg2 10. Rxg2 Nf6 11. Bg5 0-0 12. Bxf6 Qxf6 13. Qxd5 Bb6 14. 0-0-0 Rad8 15. Qh5 Rxd1+ 16. Nxd1 Rd8 17. Nec3 Qd4 18. f4 Nb4 19. a3 Nd5 20. Rd2 1-0

[Event "Titled Tuesday intern op 02nd May Late"]
[Site "Chess.com INT"]
[Date "2023.05.02"]
[Round "3"]
[White "Kosakowski, Jakub"]
[Black "Maiti, Milind"]
[Result "1-0"]
[WhiteElo "2485"]
[BlackElo "2250"]
[PlyCount "23"]
[EventDate "2023.05.02"]
[EventType "swiss (blitz)"]
[EventRounds "11"]
[EventCountry "USA"]
[SourceTitle "EXT 2024"]
[Source "ChessBase"]
[SourceDate "2023.10.10"]
[SourceVersion "1"]
[SourceVersionDate "2023.10.10"]
[SourceQuality "1"]

1. e4 e5 2. Nf3 Nf6 3. Nc3 Nc6 4. a4 Bb4 5. Bd3 0-0 6. 0-0 d6 7. Nd5 Nxd5 8. exd5 Ne7 9. c3 Nxd5 10. cxb4 Nxb4 11. Bb1 d5 12. Nxe5 1-0

[Event "Titled Tuesday intern op 02nd May Late"]
[Site "Chess.com INT"]
[Date "2023.05.02"]
[Round "2"]
[White "Maiti, Milind"]
[Black "Muradli, Mahammad"]
[Result "1-0"]
[WhiteElo "2250"]
[BlackElo "2531"]
[PlyCount "77"]
[EventDate "2023.05.02"]
[EventType "swiss (blitz)"]
[EventRounds "11"]
[EventCountry "USA"]
[SourceTitle "EXT 2024"]
[Source "ChessBase"]
[SourceDate "2023.10.10"]
[SourceVersion "1"]
[SourceVersionDate "2023.10.10"]
[SourceQuality "1"]

1. d4 Nf6 2. c4 c5 3. d5 b5 4. cxb5 a6 5. bxa6 g6 6. Nc3 Bg7 7. a7 Rxa7 8. e4 d6 9. Nf3 0-0 10. Be2 Na6 11. 0-0 Nd7 12. Nb5 Ra8 13. a4 Nc7 14. Ra3 Ba6 15. Nd2 Qb8 16. Rb3 Nb6 17. Nc4 Bxb5 18. axb5 Ra4 19. Qc2 Qb7 20. Bd2 Rfa8 21. g3 Bd4 22. Kg2 R8a7 23. h4 Nca8 24. h5 Nxc4 25. Bxc4 Nb6 26. Be2 Qd7 27. hxg6 hxg6 28. Rh1 c4 29. Rf3 Be5 30. Bc3 Qxb5 31. Bxe5 dxe5 32. Qc3 Nd7 33. Qe3 Kf8 34. Qh6+ Ke8 35. Qg7 Kd8 36. Qxf7 Kc7 37. Qxe7 Qc5 38. Qg7 Ra3 39. bxa3 1-0

[Event "Hollywood Classic-B 2nd"]
[Site "Los Angeles"]
[Date "2022.07.28"]
[Round "7"]
[White "Grabinsky, Aaron"]
[Black "Maiti, Milind"]
[Result "1/2-1/2"]
[WhiteElo "2399"]
[BlackElo "2317"]
[PlyCount "112"]
[EventDate "2022.07.25"]
[EventType "tourn"]
[EventRounds "9"]
[EventCountry "USA"]
[EventCategory "2"]
[SourceTitle "EXT 2024"]
[Source "ChessBase"]
[SourceDate "2023.10.10"]
[SourceVersion "1"]
[SourceVersionDate "2023.10.10"]
[SourceQuality "1"]

1. e4 e5 2. Nf3 Nf6 3. Nc3 Nc6 4. d4 exd4 5. Nxd4 Bb4 6. Nxc6 bxc6 7. Bd3 d5 8. exd5 cxd5 9. 0-0 0-0 10. h3 h6 11. Qf3 c6 12. Bf4 Re8 13. a3 Bd6 14. Rfe1 Be6 15. Ne2 Bxf4 16. Nxf4 Qd6 17. Nxe6 fxe6 18. Bg6 Re7 19. Rad1 Rd8 20. c4 e5 21. cxd5 cxd5 22. Qg3 d4 23. Rc1 Qd5 24. b4 d3 25. Red1 e4 26. Qe3 Qe5 27. Rc4 Qb2 28. Qc5 Re5 29. Qxa7 e3 30. Rc7 Qxf2+ 31. Kh1 Ne8 32. Rf7 e2 33. Rxf2 exd1Q+ 34. Kh2 Nd6 35. Qc7 Ra8 36. Qxd6 Qe1 37. Rf7 Ree8 38. Qxd3 Qe5+ 39. Kh1 Red8 40. Qc4 Kh8 41. Rf1 Rxa3 42. Qf7 Raa8 43. Bb1 Qb5 44. Kg1 Qb6+ 45. Kh1 Qb5 46. Rg1 Ra6 47. Qc7 Rad6 48. Qc2 Rd3 49. Rc1 Qf5 50. Qe2 Qf4 51. Re1 Qxb4 52. Bxd3 Rxd3 53. Qe8+ Kh7 54. Qe6 Qd6 55. Qf5+ Qg6 56. Qxg6+ Kxg6 1/2-1/2

[Event "Hollywood Classic-B 2nd"]
[Site "Los Angeles"]
[Date "2022.07.28"]
[Round "8"]
[White "Maiti, Milind"]
[Black "Mei, Austin"]
[Result "1/2-1/2"]
[WhiteElo "2317"]
[BlackElo "2246"]
[PlyCount "110"]
[EventDate "2022.07.25"]
[EventType "tourn"]
[EventRounds "9"]
[EventCountry "USA"]
[EventCategory "2"]
[SourceTitle "EXT 2024"]
[Source "ChessBase"]
[SourceDate "2023.10.10"]
[SourceVersion "1"]
[SourceVersionDate "2023.10.10"]
[SourceQuality "1"]

1. d4 Nf6 2. c4 e6 3. Nc3 d5 4. cxd5 Nxd5 5. e4 Nxc3 6. bxc3 c5 7. Rb1 Be7 8. Nf3 0-0 9. h4 Qa5 10. Bd2 Nc6 11. h5 Rd8 12. d5 exd5 13. exd5 Rxd5 14. c4 Rxd2 15. Qxd2 Nb4 16. a3 Qxa3 17. Be2 Bf5 18. Rd1 Bc2 19. Rc1 Rd8 20. Qf4 Bd6 21. Qe3 Qxe3 22. fxe3 Bg3+ 23. Kf1 a5 24. Rh3 Bc7 25. Ne1 Bf5 26. g4 Be6 27. Nc2 f5 28. g5 a4 29. Na3 Be5 30. Rb1 f4 31. Rh4 fxe3 32. Re4 Bh3+ 33. Kg1 Bd4 34. Re7 Rd7 35. Re8+ Kf7 36. Rh8 Ke6 37. Ra8 Rf7 38. Kh2 Rf2+ 39. Kxh3 Rxe2 40. Nb5 Be5 41. Kg4 Rg2+ 42. Kf3 Rxg5 43. Kxe3 Rxh5 44. Rxa4 Rh3+ 45. Ke2 Kf5 46. Rf1+ Ke4 47. Ra7 Rh2+ 48. Rf2 Rxf2+ 49. Kxf2 Kd3 50. Rxb7 Kxc4 51. Nc7 Kd3 52. Ne6 Kc4 53. Nxg7 Kb3 54. Ne6 c4 55. Rxh7 c3 1/2-1/2

[Event "Hollywood Classic-B 2nd"]
[Site "Los Angeles"]
[Date "2022.07.26"]
[Round "3"]
[White "Maiti, Milind"]
[Black "Bitoon, Richard"]
[Result "1/2-1/2"]
[WhiteElo "2317"]
[BlackElo "2433"]
[PlyCount "89"]
[EventDate "2022.07.25"]
[EventType "tourn"]
[EventRounds "9"]
[EventCountry "USA"]
[EventCategory "2"]
[SourceTitle "EXT 2024"]
[Source "ChessBase"]
[SourceDate "2023.10.10"]
[SourceVersion "1"]
[SourceVersionDate "2023.10.10"]
[SourceQuality "1"]

1. d4 Nf6 2. c4 e6 3. Nc3 Bb4 4. Qc2 Nc6 5. Nf3 d6 6. Bd2 0-0 7. a3 Bxc3 8. Bxc3 Qe7 9. e4 e5 10. d5 Nb8 11. Be2 Bg4 12. 0-0 Nbd7 13. h3 Bxf3 14. Bxf3 c6 15. b4 Rfc8 16. Rfc1 cxd5 17. cxd5 Rc4 18. Qd3 Nb6 19. Bd2 Rac8 20. Rxc4 Rxc4 21. Rc1 Qc7 22. Rxc4 Nxc4 23. Bc1 b5 24. Be2 Qb6 25. Kf1 Kf8 26. f3 Nh5 27. g4 Ng3+ 28. Kg2 Nxe2 29. Qxe2 Qd4 30. Qc2 Qa1 31. h4 h6 32. g5 hxg5 33. hxg5 Kg8 34. Kg3 a6 35. Kg2 Qd4 36. a4 Kh7 37. axb5 axb5 38. Kh2 Kg8 39. g6 fxg6 40. Qg2 Qc3 41. Bg5 Qe1 42. Qh3 Qe2+ 43. Kh1 Qe1+ 44. Kh2 Qxb4 45. Qe6+ 1/2-1/2

[Event "Hollywood Classic  1st"]
[Site "Los Angeles"]
[Date "2022.07.23"]
[Round "7"]
[White "Yim, Sung Ho"]
[Black "Maiti, Milind"]
[Result "1-0"]
[WhiteElo "2207"]
[BlackElo "2316"]
[PlyCount "103"]
[EventDate "2022.07.20"]
[EventType "tourn"]
[EventRounds "9"]
[EventCountry "USA"]
[EventCategory "2"]
[SourceTitle "CBM 209 Extra"]
[Source "ChessBase"]
[SourceDate "2022.09.30"]
[SourceVersion "1"]
[SourceVersionDate "2022.09.30"]
[SourceQuality "1"]

1. d4 Nf6 2. c4 e6 3. Nf3 d5 4. Nc3 Bb4 5. cxd5 exd5 6. Bg5 h6 7. Bh4 0-0 8. e3 Bf5 9. Be2 Nbd7 10. Qb3 Qe7 11. a3 Bxc3+ 12. Qxc3 c6 13. Nd2 g5 14. Bg3 Ne4 15. Nxe4 Bxe4 16. f3 Bh7 17. h4 Rae8 18. Bf2 Kg7 19. hxg5 hxg5 20. g4 Rh8 21. Kd2 Bg6 22. Qa5 a6 23. Qc3 Qd6 24. Rag1 Rxh1 25. Rxh1 Rh8 26. Rxh8 Kxh8 27. Qa5 Nf8 28. Qb6 Qd7 29. Bg3 Qc8 30. Qb4 Nd7 31. Qd6 Kg8 32. Ke1 b5 33. Kd2 Nb6 34. Qf6 Nd7 35. Qxg5 c5 36. Qxd5 cxd4 37. Qxd4 Nc5 38. Ke1 Nb3 39. Qf6 Qe6 40. Qxe6 fxe6 41. e4 Kf7 42. Be5 Ke7 43. Kd1 Kd7 44. Kc2 Nc5 45. Kd2 Kc6 46. Ke3 Nd7 47. Kd4 a5 48. f4 b4 49. axb4 axb4 50. f5 exf5 51. exf5 Bf7 52. g5 1-0

[Event "New York Summer GM-B"]
[Site "New York"]
[Date "2022.07.10"]
[Round "6"]
[White "Maiti, Milind"]
[Black "Jacobson, Aaron"]
[Result "0-1"]
[WhiteElo "2316"]
[BlackElo "2305"]
[PlyCount "78"]
[EventDate "2022.07.07"]
[EventType "tourn"]
[EventRounds "9"]
[EventCountry "USA"]
[EventCategory "6"]
[SourceTitle "CBM 209 Extra"]
[Source "ChessBase"]
[SourceDate "2022.09.30"]
[SourceVersion "1"]
[SourceVersionDate "2022.09.30"]
[SourceQuality "1"]

1. d4 Nf6 2. c4 e6 3. Nc3 Bb4 4. Qc2 b6 5. e4 c5 6. d5 Qe7 7. Be2 d6 8. Bd2 0-0 9. 0-0-0 exd5 10. exd5 Bxc3 11. Bxc3 Ne4 12. Bd3 Nxc3 13. Qxc3 Qg5+ 14. Kb1 Qxg2 15. Ne2 Qxf2 16. Rdf1 Qh4 17. Rhg1 g6 18. Rf4 Qxh2 19. Qf6 Nd7 20. Qxd6 Qh6 21. Ng3 Qg5 22. Re4 Rd8 23. Ne2 Qf6 24. Qg3 Nf8 25. Rf4 Qe5 26. Qf3 Qg7 27. Ng3 Nd7 28. Nh5 Qf8 29. Bxg6 hxg6 30. Rxg6+ fxg6 31. Rxf8+ Rxf8 32. Qe4 Ne5 33. Qxe5 Bf5+ 34. Kc1 gxh5 35. d6 Rae8 36. Qd5+ Kg7 37. Kd2 Bg6 38. d7 Rf2+ 39. Kd1 Bc2+ 0-1

[Event "New York Summer GM-B"]
[Site "New York"]
[Date "2022.07.10"]
[Round "7"]
[White "Paragua, Mark"]
[Black "Maiti, Milind"]
[Result "1-0"]
[WhiteElo "2461"]
[BlackElo "2316"]
[PlyCount "57"]
[EventDate "2022.07.07"]
[EventType "tourn"]
[EventRounds "9"]
[EventCountry "USA"]
[EventCategory "6"]
[SourceTitle "CBM 209 Extra"]
[Source "ChessBase"]
[SourceDate "2022.09.30"]
[SourceVersion "1"]
[SourceVersionDate "2022.09.30"]
[SourceQuality "1"]

1. d4 Nf6 2. c4 e6 3. g3 d5 4. Bg2 dxc4 5. Nf3 Bd7 6. 0-0 Bc6 7. Bg5 Be7 8. Qc2 b5 9. Nbd2 0-0 10. e4 a6 11. Rfe1 Bb7 12. b3 cxb3 13. Nxb3 Nc6 14. Rad1 Qc8 15. Nc5 Bxc5 16. Qxc5 Nd7 17. Qc3 Nb6 18. d5 exd5 19. exd5 Nb8 20. Ne5 f6 21. Nc6 Bxc6 22. dxc6 fxg5 23. Re7 Rf7 24. Qb3 Nc4 25. Bd5 Nd6 26. Bxf7+ Kf8 27. Rxd6 Kxe7 28. Re6+ Kxf7 29. Re8+ 1-0

[Event "New York Summer GM-B"]
[Site "New York"]
[Date "2022.07.09"]
[Round "4"]
[White "Maiti, Milind"]
[Black "Lenderman, Aleksandr"]
[Result "1/2-1/2"]
[WhiteElo "2316"]
[BlackElo "2572"]
[PlyCount "50"]
[EventDate "2022.07.07"]
[EventType "tourn"]
[EventRounds "9"]
[EventCountry "USA"]
[EventCategory "6"]
[SourceTitle "CBM 209 Extra"]
[Source "ChessBase"]
[SourceDate "2022.09.30"]
[SourceVersion "1"]
[SourceVersionDate "2022.09.30"]
[SourceQuality "1"]

1. d4 e6 2. c4 f5 3. Nf3 Nf6 4. e3 d5 5. Bd3 Bb4+ 6. Bd2 Bd6 7. 0-0 c6 8. b4 a6 9. a3 0-0 10. Ne5 Ne4 11. f4 Bd7 12. Nc3 Be8 13. Nxe4 fxe4 14. Be2 Nd7 15. a4 Nxe5 16. fxe5 Rxf1+ 17. Bxf1 Bf8 18. c5 Bd7 19. Rb1 Qe8 20. Qb3 h5 21. Be2 Qg6 22. Qd1 h4 23. Bh5 Qg5 24. Bg4 Be7 25. h3 Rf8 1/2-1/2

[Event "New York Summer GM-B"]
[Site "New York"]
[Date "2022.07.07"]
[Round "1"]
[White "Maiti, Milind"]
[Black "Shmeliov, Denis"]
[Result "1/2-1/2"]
[WhiteElo "2316"]
[BlackElo "2436"]
[PlyCount "70"]
[EventDate "2022.07.07"]
[EventType "tourn"]
[EventRounds "9"]
[EventCountry "USA"]
[EventCategory "6"]
[SourceTitle "CBM 209 Extra"]
[Source "ChessBase"]
[SourceDate "2022.09.30"]
[SourceVersion "1"]
[SourceVersionDate "2022.09.30"]
[SourceQuality "1"]

1. d4 Nf6 2. c4 e6 3. Nc3 Bb4 4. Qc2 0-0 5. a3 Bxc3+ 6. Qxc3 d5 7. cxd5 Ne4 8. Qc2 exd5 9. Bf4 Nc6 10. e3 Re8 11. Nf3 g5 12. Bg3 g4 13. Ne5 Nxe5 14. dxe5 Bf5 15. Bd3 Bg6 16. Bf4 Qe7 17. 0-0 Nc5 18. Bxg6 fxg6 19. Rac1 Ne6 20. Qd1 Nxf4 21. exf4 Qd7 22. Rc3 Rf8 23. g3 Rae8 24. Qd4 a6 25. b4 c6 26. f3 gxf3 27. Rcxf3 Qf5 28. Kg2 h5 29. h3 Re6 30. R1f2 Rd8 31. Qd3 Kf7 32. Rd2 Re7 33. Qd4 Re6 34. Qd3 Re7 35. Qd4 Re6 1/2-1/2

[Event "PNWCC Last Dance-A"]
[Site "Redmond"]
[Date "2022.06.20"]
[Round "5"]
[White "Maiti, Milind"]
[Black "Tiglon, Bryce"]
[Result "1/2-1/2"]
[WhiteElo "2310"]
[BlackElo "2392"]
[PlyCount "54"]
[EventDate "2022.06.18"]
[EventType "tourn"]
[EventRounds "9"]
[EventCountry "USA"]
[EventCategory "5"]
[SourceTitle "EXT 2024"]
[Source "ChessBase"]
[SourceDate "2023.10.10"]
[SourceVersion "1"]
[SourceVersionDate "2023.10.10"]
[SourceQuality "1"]

1. d4 Nf6 2. c4 e6 3. Nc3 Bb4 4. Qc2 0-0 5. a3 Bxc3+ 6. Qxc3 d5 7. e3 b6 8. cxd5 exd5 9. Bd3 Ba6 10. Bxa6 Nxa6 11. Qd3 Qc8 12. Ne2 c5 13. b3 cxd4 14. exd4 Nc7 15. 0-0 Ne6 16. Be3 Qd7 17. Rfc1 Rac8 18. a4 Rfe8 19. Rxc8 Rxc8 20. Rc1 Rxc1+ 21. Bxc1 Qe7 22. f3 h6 23. Qc3 Kh7 24. Qc2+ Kg8 25. Qc8+ Kh7 26. Qc2+ Kg8 27. Qc8+ Kh7 1/2-1/2

[Event "PNWCC Last Dance-A"]
[Site "Redmond"]
[Date "2022.06.20"]
[Round "4"]
[White "Yu, Jiangwei"]
[Black "Maiti, Milind"]
[Result "0-1"]
[WhiteElo "2222"]
[BlackElo "2310"]
[PlyCount "86"]
[EventDate "2022.06.18"]
[EventType "tourn"]
[EventRounds "9"]
[EventCountry "USA"]
[EventCategory "5"]
[SourceTitle "EXT 2024"]
[Source "ChessBase"]
[SourceDate "2023.10.10"]
[SourceVersion "1"]
[SourceVersionDate "2023.10.10"]
[SourceQuality "1"]

1. d4 Nf6 2. Nf3 d5 3. c4 e6 4. g3 dxc4 5. Bg2 Bd7 6. Ne5 Bc6 7. Nxc6 Nxc6 8. Bxc6+ bxc6 9. Nc3 c5 10. dxc5 Qxd1+ 11. Nxd1 Bxc5 12. Bf4 0-0-0 13. Ne3 Ne4 14. Rc1 Bb4+ 15. Kf1 g5 16. Be5 f6 17. Bc3 Bxc3 18. bxc3 Rd2 19. a4 Ra2 20. Nxc4 Rxa4 21. Nb2 Ra2 22. Nd3 Rd8 23. Rg1 a5 24. f3 Nd2+ 25. Kf2 Rxd3 26. exd3 Nb3+ 27. Ke3 Nxc1 28. Rxc1 Kb7 29. Rh1 a4 30. h4 a3 31. hxg5 fxg5 32. Rxh7 Rb2 33. Rh1 a2 34. Ra1 Kb6 35. g4 Kb5 36. f4 gxf4+ 37. Kxf4 Ka4 38. Ke5 Re2+ 39. Kf6 Kb3 40. g5 Kb2 41. Rg1 a1Q 42. Rxa1 Kxa1 43. g6 Kb2 0-1

[Event "Las Vegas National op"]
[Site "Las Vegas"]
[Date "2022.06.10"]
[Round "5"]
[White "Maiti, Milind"]
[Black "Nyzhnyk, Illya"]
[Result "0-1"]
[WhiteElo "2310"]
[BlackElo "2692"]
[PlyCount "60"]
[EventDate "2022.06.08"]
[EventType "swiss"]
[EventRounds "9"]
[EventCountry "USA"]
[SourceTitle "CBM 208 Extra"]
[Source "ChessBase"]
[SourceDate "2022.07.31"]
[SourceVersion "1"]
[SourceVersionDate "2022.07.31"]
[SourceQuality "1"]

1. d4 d5 2. c4 dxc4 3. e4 Nf6 4. e5 Nd5 5. Bxc4 Nb6 6. Bd3 Nc6 7. Ne2 Bg4 8. f3 Be6 9. Nbc3 Nb4 10. Be4 N4d5 11. 0-0 Qd7 12. Bd2 f5 13. exf6 exf6 14. Re1 0-0-0 15. a4 a6 16. Nxd5 Nxd5 17. Rc1 Kb8 18. Nc3 Nb6 19. Be3 Bb4 20. Re2 Bc4 21. Rd2 f5 22. Bb1 Nd5 23. Bf2 Nxc3 24. bxc3 Ba3 25. Rcc2 Bb3 26. d5 Qxa4 27. Ba2 Bxc2 28. Rxc2 Rhe8 29. c4 Qa5 30. h4 Bc5 0-1

[Event "San Jose Mission 360-A"]
[Site "San Jose"]
[Date "2022.03.28"]
[Round "6"]
[White "Maiti, Milind"]
[Black "Nagy, Gabor"]
[Result "0-1"]
[WhiteElo "2320"]
[BlackElo "2518"]
[PlyCount "76"]
[EventDate "2022.03.25"]
[EventType "tourn"]
[EventRounds "9"]
[EventCountry "USA"]
[EventCategory "8"]
[SourceTitle "CBM 207 Extra"]
[Source "ChessBase"]
[SourceDate "2022.05.31"]
[SourceVersion "1"]
[SourceVersionDate "2022.05.31"]
[SourceQuality "1"]

1. d4 d5 2. c4 e6 3. Nc3 Bb4 4. Nf3 Nf6 5. Bg5 h6 6. Bxf6 Qxf6 7. Qa4+ Nc6 8. e3 0-0 9. Rc1 Qg6 10. Qc2 Qxc2 11. Rxc2 Rd8 12. Be2 a6 13. 0-0 dxc4 14. Bxc4 Bd6 15. Rd1 b5 16. Be2 Bb7 17. a3 e5 18. d5 Ne7 19. e4 f6 20. b4 c6 21. dxc6 Bxc6 22. Nd2 Be8 23. Nb3 Bf7 24. Na5 Bc7 25. Rxd8+ Bxd8 26. Nb7 Bb6 27. Nd1 Ra7 28. Nc5 g6 29. Ne3 Kg7 30. Rd2 Bxc5 31. bxc5 Rc7 32. Rd6 Rxc5 33. Rxa6 f5 34. Ra5 Rc1+ 35. Nf1 Nc6 36. Rxb5 Nd4 37. Rb2 Nxe2+ 38. Rxe2 Bc4 0-1

[Event "San Jose Mission 360-A"]
[Site "San Jose"]
[Date "2022.03.27"]
[Round "5"]
[White "Kavutskiy, Konstantin"]
[Black "Maiti, Milind"]
[Result "1/2-1/2"]
[WhiteElo "2395"]
[BlackElo "2320"]
[PlyCount "77"]
[EventDate "2022.03.25"]
[EventType "tourn"]
[EventRounds "9"]
[EventCountry "USA"]
[EventCategory "8"]
[SourceTitle "CBM 207 Extra"]
[Source "ChessBase"]
[SourceDate "2022.05.31"]
[SourceVersion "1"]
[SourceVersionDate "2022.05.31"]
[SourceQuality "1"]

1. Nf3 Nf6 2. c4 e6 3. b3 d5 4. Bb2 c5 5. e3 Nc6 6. cxd5 exd5 7. Be2 Bd6 8. 0-0 0-0 9. d4 cxd4 10. Nxd4 Re8 11. Nd2 Bd7 12. N2f3 a6 13. Rc1 Qe7 14. Qc2 Ne4 15. Qb1 f5 16. g3 f4 17. exf4 Bh3 18. Rfe1 Bb4 19. Bd3 Bxe1 20. Rxe1 Nxd4 21. Bxd4 Nd2 22. Rxe7 Nxf3+ 23. Kh1 Rxe7 24. Bxh7+ Kh8 25. Bf5 Re1+ 26. Qxe1 Nxe1 27. Bxh3 Re8 28. Bg4 Re4 29. Bc3 d4 30. Bd2 d3 31. Kg1 Nc2 32. Kf1 Nd4 33. h4 Kg8 34. Bh5 g6 35. Bg4 b5 36. Be3 Nc2 37. Bd2 Nd4 38. Be3 Nc2 39. Bd2 1/2-1/2

[Event "San Jose Mission 360-A"]
[Site "San Jose"]
[Date "2022.03.25"]
[Round "1"]
[White "Zhou, Jianchao"]
[Black "Maiti, Milind"]
[Result "1-0"]
[WhiteElo "2585"]
[BlackElo "2320"]
[PlyCount "103"]
[EventDate "2022.03.25"]
[EventType "tourn"]
[EventRounds "9"]
[EventCountry "USA"]
[EventCategory "8"]
[SourceTitle "CBM 207 Extra"]
[Source "ChessBase"]
[SourceDate "2022.05.31"]
[SourceVersion "1"]
[SourceVersionDate "2022.05.31"]
[SourceQuality "1"]

1. Nf3 Nf6 2. c4 e6 3. Nc3 d5 4. e3 c6 5. b3 Nbd7 6. Qc2 Bd6 7. Be2 0-0 8. Bb2 b6 9. cxd5 cxd5 10. 0-0 Bb7 11. Nb5 Be7 12. Qc7 Qxc7 13. Nxc7 Rac8 14. Rfc1 Nc5 15. Nb5 a6 16. Nc3 Ncd7 17. Nd4 h6 18. f4 Bd6 19. Kf1 Rfe8 20. g3 Nc5 21. b4 Nce4 22. d3 Nxc3 23. Bxc3 Rc7 24. Be1 Rec8 25. Rxc7 Rxc7 26. a4 g6 27. a5 b5 28. Nb3 h5 29. Bd2 Bf8 30. Rc1 Rxc1+ 31. Nxc1 Nd7 32. Nb3 f6 33. d4 Kf7 34. Nc5 Bc8 35. h3 Be7 36. g4 hxg4 37. hxg4 Nxc5 38. dxc5 Bd7 39. Bc3 Bc6 40. Bd1 f5 41. Bd4 Bf6 42. gxf5 exf5 43. Bxf6 Kxf6 44. Ke2 Ke6 45. Kd3 Bb7 46. Kd4 Bc6 47. Bf3 Ba8 48. c6 Bxc6 49. Kc5 Ba8 50. Kb6 Kd6 51. Kxa6 Bc6 52. Kb6 1-0

[Event "Charlotte op"]
[Site "Charlotte"]
[Date "2021.12.29"]
[Round "7"]
[White "Jacobson, Aaron"]
[Black "Maiti, Milind"]
[Result "1-0"]
[WhiteElo "2270"]
[BlackElo "2395"]
[PlyCount "65"]
[EventDate "2021.12.26"]
[EventType "swiss"]
[EventRounds "9"]
[EventCountry "USA"]
[SourceTitle "CBM 205 Extra"]
[Source "ChessBase"]
[SourceDate "2022.01.31"]
[SourceVersion "1"]
[SourceVersionDate "2022.01.31"]
[SourceQuality "1"]

1. d4 d5 2. c4 c6 3. Nf3 Nf6 4. Nc3 e6 5. Bg5 h6 6. Bh4 dxc4 7. e4 g5 8. Bg3 b5 9. Be2 Bb7 10. 0-0 Nbd7 11. Ne5 Bg7 12. Nxf7 Kxf7 13. e5 Nd5 14. Ne4 Ke7 15. Nd6 Qb6 16. a4 a5 17. Bg4 h5 18. Bxh5 Rag8 19. Bf7 Rf8 20. Bxe6 Kxe6 21. Qg4+ Ke7 22. Qxg5+ Bf6 23. exf6+ N5xf6 24. axb5 cxb5 25. Rxa5 Qxa5 26. Nxb7 Qb4 27. Bd6+ Qxd6 28. Re1+ Qe6 29. Qg7+ Rf7 30. Rxe6+ Kxe6 31. Qxh8 Kd5 32. Qa8 Re7 33. Nd8+ 1-0

[Event "Charlotte op"]
[Site "Charlotte"]
[Date "2021.12.28"]
[Round "5"]
[White "Rutten, Alexander"]
[Black "Maiti, Milind"]
[Result "0-1"]
[WhiteElo "2188"]
[BlackElo "2395"]
[PlyCount "76"]
[EventDate "2021.12.26"]
[EventType "swiss"]
[EventRounds "9"]
[EventCountry "USA"]
[SourceTitle "CBM 205 Extra"]
[Source "ChessBase"]
[SourceDate "2022.01.31"]
[SourceVersion "1"]
[SourceVersionDate "2022.01.31"]
[SourceQuality "1"]

1. e4 c5 2. Nf3 e6 3. g3 Nc6 4. Bg2 Nf6 5. Qe2 e5 6. d3 Be7 7. 0-0 0-0 8. c4 d6 9. h3 h6 10. Nc3 Be6 11. Nd5 Qd7 12. Kh2 Nh7 13. Be3 f5 14. exf5 Bxf5 15. Nxe7+ Nxe7 16. Nd2 Rae8 17. Ne4 Nf6 18. Rae1 b6 19. f4 Bh7 20. fxe5 Nxe4 21. Bxe4 dxe5 22. b3 Bxe4 23. dxe4 Nc6 24. Rxf8+ Rxf8 25. Kg2 Nd4 26. Qd3 Qc6 27. Bg1 Qg6 28. Rf1 Rd8 29. Be3 Rd6 30. Bg1 Ne6 31. Qe3 Nf4+ 32. Kh2 Rd3 33. Qe1 Qh5 34. h4 Qg4 35. Rxf4 exf4 36. Bf2 Rd1 37. Qc3 Qe2 38. Kh3 Qxf2 0-1

[Event "Charlotte op"]
[Site "Charlotte"]
[Date "2021.12.27"]
[Round "3"]
[White "Lenderman, Aleksandr"]
[Black "Maiti, Milind"]
[Result "1-0"]
[WhiteElo "2621"]
[BlackElo "2395"]
[PlyCount "91"]
[EventDate "2021.12.26"]
[EventType "swiss"]
[EventRounds "9"]
[EventCountry "USA"]
[SourceTitle "CBM 205 Extra"]
[Source "ChessBase"]
[SourceDate "2022.01.31"]
[SourceVersion "1"]
[SourceVersionDate "2022.01.31"]
[SourceQuality "1"]

1. Nf3 d5 2. e3 Nf6 3. c4 c6 4. Nc3 e6 5. d4 Nbd7 6. Be2 Bd6 7. 0-0 0-0 8. b3 b6 9. Bb2 Bb7 10. Bd3 Re8 11. Re1 Rc8 12. Rc1 h6 13. h3 c5 14. cxd5 exd5 15. Qe2 Bb8 16. Ba6 Bxa6 17. Qxa6 cxd4 18. Nxd4 Qc7 19. g3 Nc5 20. Qf1 Qe5 21. Rcd1 Nce4 22. Nce2 h5 23. Qg2 h4 24. g4 g6 25. Nf4 Nc3 26. Nde2 Nxe2+ 27. Rxe2 Qe7 28. Bxf6 Qxf6 29. Nxd5 Qe6 30. Qf3 Kg7 31. Red2 Qe5 32. Kf1 Red8 33. Rd4 Rd7 34. Nxb6 Qb5+ 35. Nc4 Re7 36. Rd5 Qc6 37. g5 Rce8 38. R1d4 Rh8 39. Kg2 Rh5 40. Qf6+ Qxf6 41. gxf6+ Kxf6 42. Rxh5 gxh5 43. Rxh4 Kg5 44. Rd4 Bc7 45. Rd5+ Kg6 46. f4 1-0